| 000 | 00614cam a2200217 4500 | ||
|---|---|---|---|
| 001 | M57 | ||
| 008 | 090401t1991 xxu||||| |||| 00| 0 eng d | ||
| 035 | _a(Sirsi) u39584 | ||
| 041 | _aeng | ||
| 050 | _a333.0076 | ||
| 090 | _aRICS 1991/49A | ||
| 110 |
_aRoyal Institution of Chartered Surveyors _94900 |
||
| 245 | _aGuide and rules to the assessment of professional competence: general practice | ||
| 260 |
_aLondon _bRICS _c1991 |
||
| 300 | _a[27p]. ; 30cm | ||
| 350 | _a5 | ||
| 650 | _aEXAMINATIONS | ||
| 690 | _aMANAGEMENT-BUSINESS MANAGEMENT-PROFESSIONAL PRACTICE | ||
| 942 | _n0 | ||
| 948 | _c04/03/1997 | ||
| 999 |
_c90808 _d90808 |
||